| 000 | 00546nam a2200193 4500 | ||
|---|---|---|---|
| 001 | 85217 | ||
| 003 | BD-RjUL | ||
| 005 | 20250715171237.0 | ||
| 008 | 250715s195? pk ||||| |||| 00| 0 urd d | ||
| 035 | _a(BD-RjUL)85217 | ||
| 040 |
_aBD-RjUL _beng _cBD-RjUL |
||
| 041 | _aurd | ||
| 082 |
_223 _a2970922 _bANS 195? |
||
| 245 |
_a سیر انصار حصہ دوم ;;; // siar ansaar / _cSayed Ansari سيد انصاري |
||
| 300 |
_a V. ; [282 p]. ; _c25 cm |
||
| 505 | _aVol. 2.-- | ||
| 650 |
_aBiography _vIslam _91685 |
||
| 942 |
_2ddc _cBK |
||
| 999 |
_c85217 _d85217 |
||